Hóa hữu cơ mô tả

שמור ב:
מידע ביבליוגרפי
מחבר ראשי: Nguyễn Ngọc Sương
פורמט: ספר
שפה:Undetermined
יצא לאור: Tp. HCM Trường Đại học Tổng hợp Tp. HCM 1995
נושאים:
תגים: הוספת תג
אין תגיות, היה/י הראשונ/ה לתייג את הרשומה!
Thư viện lưu trữ: Trung tâm Học liệu Trường Đại học Cần Thơ
LEADER 00508nam a2200169Ia 4500
001 CTU_35579
008 210402s9999 xx 000 0 und d
082 |a 547 
082 |b S561/T2 
100 |a Nguyễn Ngọc Sương 
245 0 |a Hóa hữu cơ mô tả 
245 0 |c Nguyễn Ngọc Sương 
260 |a Tp. HCM 
260 |b Trường Đại học Tổng hợp Tp. HCM 
260 |c 1995 
650 |a chemistry, organic 
980 |a Trung tâm Học liệu Trường Đại học Cần Thơ